00221nam a2200085Ia 450000100070000000500170000700800410002424500440006526000260010967785820250826161026.0250824s9999 xx 000 0 und d 0aBilime Giriş Hava Durumu Tahminleri bTÜBİTAK YAYINLARI